000 00472nam a2200193Ia 4500
008 101110s9999 xx 000 0 und d
041 _aMARATHI
082 _bSR6573
_a658
100 _aCharade Vanmali, Deshmukh
245 _aAadhunik Vyavsay Sanghatan
365 _b13
520 _aCommerce
546 _aMARATHI
630 _aAadhunik Vyavsay Sanghatan
650 _aCommerce
655 _aCommerce
730 _aAadhunik Vyavsay Sanghatan
942 _cBOOK
999 _c802430
_d802427